Carregant...

Developments in tourism research

Dades bibliogràfiques
Autors principals: Airey, David; Editor, Tribe, John; Editor
Format: Printed Book
Publicat: New York, Elsevier 2007
Col·lecció:Advances in tourism research
Matèries:
LEADER 007700000a22002410004500
020 |a 978-0-080-45328-6 
082 |a 910.72 P7 
100 |a Airey, David; Editor 
100 |a Tribe, John; Editor 
245 |a Developments in tourism research 
250
260 |a New York, Elsevier  |e 2007 
260 |c 2007 
460 |a xv, 252p 
465 |a Rs.0.00 
490 |a Advances in tourism research 
500 |a ed by John Tribe and David Airey 
500 |a Includes bibliographical references and index 
650 |a Tourism-Research 
650 |a Tourist trade-Research 
942 |c BK 
999 |c 47081  |d 47081 
952 |0 0  |1 0  |4 0  |6 910_720000000000000_P7  |7 0  |8 ENG  |9 47813  |a MGUL  |b MGUL  |d 2013-07-16  |e Rs.0.00  |l 1  |m 1  |o 910.72 P7  |p 45367  |r 2018-01-10  |s 2017-11-19  |w 2013-07-16  |y BK